|
|
|
|
| LEADER |
00000naa a2200000uu 4500 |
| 001 |
vtls010936155 |
| 003 |
SK-MaSNL |
| 005 |
20260302115825.0 |
| 008 |
220810|2005 xo |||||||||||||||||cze| |
| 015 |
|
|
|a SNBRA
|
| 035 |
|
|
|a (urnnbn)urn:nbn:sk:snk:ar-a0b7wm
|
| 035 |
|
|
|a (uuid)f05acf06-8438-480a-802b-8adf65228b45
|
| 035 |
|
|
|a urn:nbn:sk:snk-aau09r
|
| 040 |
|
|
|a SNKBUCL
|b slo
|c SNKBUCL
|e AACR2
|
| 041 |
0 |
|
|a cze
|
| 044 |
|
|
|a xo
|c SK
|
| 100 |
1 |
|
|a Žabková, Petra
|4 aut
|9 799632
|
| 245 |
1 |
0 |
|a Předmět jako výchozí bod pro tvůrčí psaní
|c Petra Žabková
|
| 773 |
0 |
|
|t Tvůrčí psaní - klíčová kompetence na vysoké škole
|d V Brně : Doplněk, 2005
|g S. 177-180
|z 8072391828
|
| 954 |
|
|
|a odborná, vedecká literatúra cudzojazyčná (svetová)
|2 lita
|
| 958 |
|
|
|a OND
|
| 958 |
|
|
|a article11
|
| 958 |
|
|
|a chapter
|
| 999 |
|
|
|c 1266607
|d 1268537
|